Strategy in emerging markets : (Record no. 345659)
[ view plain ]
| 000 -LEADER | |
|---|---|
| fixed length control field | 01022 a2200217 4500 |
| 020 ## - INTERNATIONAL STANDARD BOOK NUMBER | |
| International Standard Book Number | 0415270529 |
| 020 ## - INTERNATIONAL STANDARD BOOK NUMBER | |
| International Standard Book Number | 9780415270526 |
| 082 04 - DEWEY DECIMAL CLASSIFICATION NUMBER | |
| Classification number | 621 |
| 090 ## - LOCALLY ASSIGNED LC-TYPE CALL NUMBER (OCLC); LOCAL CALL NUMBER (RLIN) | |
| -- | 3171 |
| -- | 3171 |
| 100 1# - MAIN ENTRY--PERSONAL NAME | |
| Personal name | Pehrsson, Anders. |
| 245 10 - TITLE STATEMENT | |
| Title | Strategy in emerging markets : |
| Remainder of title | telecommunications establishments in europe / |
| Statement of responsibility, etc. | Anders Pehrsson. |
| 260 ## - PUBLICATION, DISTRIBUTION, ETC. | |
| Place of publication, distribution, etc. | [S.l.] : |
| Name of publisher, distributor, etc. | Routledge, |
| Date of publication, distribution, etc. | 2001. |
| 300 ## - PHYSICAL DESCRIPTION | |
| Extent | 280 p. ; |
| Dimensions | 24 cm. |
| 490 1# - SERIES STATEMENT | |
| Series statement | Routledge studies in global competition. |
| 500 ## - GENERAL NOTE | |
| General note | Hardcover. |
| 520 ## - SUMMARY, ETC. | |
| Summary, etc. | Markets previously unreachable for companies other than monopolies or other protected firms are now frequently open to new entrants. This book focuses on strategy in emerging markets, in particular establishments in liberalized European markets. |
| 830 #0 - SERIES ADDED ENTRY--UNIFORM TITLE | |
| Uniform title | Routledge studies in global competition. |
| 856 40 - ELECTRONIC LOCATION AND ACCESS | |
| Materials specified | Amazon.com |
| Uniform Resource Identifier | <a href="http://www.amazon.com/exec/obidos/ASIN/0415270529/chopaconline-20">http://www.amazon.com/exec/obidos/ASIN/0415270529/chopaconline-20</a> |
| 856 40 - ELECTRONIC LOCATION AND ACCESS | |
| Materials specified | Amazon customer reviews |
| Uniform Resource Identifier | <a href="http://www.chopac.org/cgi-bin/tools/azrev.pl?q=0415270529">http://www.chopac.org/cgi-bin/tools/azrev.pl?q=0415270529</a> |
| 942 ## - ADDED ENTRY ELEMENTS (KOHA) | |
| Institution code [OBSOLETE] | NBS |
| Koha item type | Book |
| Call number prefix | 332.64038494 PEH |
| Withdrawn status | Lost status | Damaged status | Not for loan | Permanent Location | Current Location | Date acquired | Total Checkouts | Full call number | Barcode | Date last seen | Date last checked out | Price effective from | Koha item type |
|---|---|---|---|---|---|---|---|---|---|---|---|---|---|
| Central Library (CL) | Central Library (CL) | 08/28/2013 | 1 | 332.64038494 PEH | NBS6776 | 11/22/2017 | 08/04/2017 | 08/28/2013 | Book |
